| 000 | 00929nam a2200205Ii 4500 | ||
|---|---|---|---|
| 003 | JO-AjNU | ||
| 008 | 230605s9999||||xx |||||||||||||| ||und|| | ||
| 040 |
_aJO-AjNU _bara _erda _cJO-AjNU |
||
| 041 | _aara | ||
| 050 | 1 | 4 | _aLC4704.K5712 2012 |
| 100 | 3 |
_aتأليف:Samuel A.Kirk and James C.Chalfant؛ ترجمة: زيدان السرطاوي، عبدالعزيز مصطفى السرطاوي, _eauthor _960666 |
|
| 245 | 0 | 0 | _aصعوبات التعلم الاكاديمية والنمائية=ACADEMIC AND DEVELOPMENTAL LEARNING DISABILITIES |
| 250 | _aالطبعة الاولى | ||
| 264 | 3 | 1 | _aالعين: دار الكتاب الجامعي، 2012 |
| 300 |
_a509ص _b ويحتوي على قائمة مراجع من ص485ص- 509ص |
||
| 336 |
_atext _btxt _2rdacontent |
||
| 337 |
_aunmediated _bn _2rdamedia |
||
| 338 |
_avolume _bnc _2rdacarrier |
||
| 650 | 4 |
_aصعوبات التعلم- التربية الخاصة _960667 |
|
| 999 |
_aA27369 _c30937 _d30937 |
||